Normal view
MARC view
- MANAGEMENT-STATISTICAL METHODS , .ECONOMICS-STATISTICAL METHODS. , STATISTICS-COMPUTER PROGRAMS. , MICROSOFT EXCEL FOR WINDOWS
Entry Topical Term
001 - CONTROL NUMBER
- control field: 63862
003 - CONTROL NUMBER IDENTIFIER
- control field: NUST
005 - DATE AND TIME OF LATEST TRANSACTION
- control field: 20210628203204.0
008 - FIXED-LENGTH DATA ELEMENTS
- fixed length control field: 210628|| aca||aabn | a|a d
040 ## - CATALOGING SOURCE
- Original cataloging agency: NUST
- Transcribing agency: NUST
150 ## - HEADING--TOPICAL TERM
- Topical term or geographic name entry element: MANAGEMENT-STATISTICAL METHODS , .ECONOMICS-STATISTICAL METHODS. , STATISTICS-COMPUTER PROGRAMS. , MICROSOFT EXCEL FOR WINDOWS
670 ## - SOURCE DATA FOUND
- Source citation: Work cat.: (NUST): Keller, Gerald 34580, Applied statistics with microsoft excel, 2001
